000
00305nam a22001217a 4500
999
_c
13914
_d
13914
020
_a
9788189638214
082
_a
621.815
_b
JAL/TE
100
_a
Jalaludeen, Md. S
_9
3087
245
_a
Textbook of Machine Design
250
_a
3 rd Enlarged
260
_a
Kumbakonam
_b
Anuradha Publications
_c
2012
942
_c
BK